000 00647nam a22001937a 4500
005 20230711123342.0
008 230706b ||||| |||| 00| 0 spa d
020 _a9879282167 (versión impresa)
082 1 4 _214
_a324.2
100 1 _98848
_aGoldar, Ernesto
245 1 0 _aJohn William Cooke y el peronismo revolucionario /
_cErnesto Goldar
260 _aBuenos Aires :
_bEditores de América Latina,
_c2004
300 _a188 p.
600 1 0 _93880
_aCooke, J.W.
_d(1920-1968)
650 2 4 _9553
_aPERONISMO
650 2 4 _91748
_aHISTORIA POLITICA ARGENTINA
942 _2ddc
_cLIBRO
980 _619226
_a Palazón Marcela I.
_819226
_g Palazón Marcela I.
999 _c8900
_d8900